|
|
|
|
| LEADER |
00000nab a2200000ua 4500 |
| 001 |
vtls010762374 |
| 003 |
SK-MaSNL |
| 005 |
20260304203622.0 |
| 008 |
250718s2012 xo |||||||||||||||||slo| |
| 035 |
|
|
|a (urnnbn)urn:nbn:sk:snk:ar-a03un2
|
| 035 |
|
|
|a (uuid)61deb4d0-0c73-4f66-b304-db2b12f9e0a7
|
| 035 |
|
|
|a urn:nbn:sk:snk-ab5faj
|
| 040 |
|
|
|a SNKBUCL
|b slo
|c SNKBUCL
|e AACR2
|
| 041 |
0 |
|
|a eng
|
| 044 |
|
|
|a xo
|c SK
|
| 100 |
1 |
|
|a Marina, Andrade
|4 aut
|9 1173771
|
| 245 |
1 |
0 |
|a A METHOD TO APPROXIMATE FIRST PASSAGE TIMES DISTRIBUTIONS IN DIRECT TIME MARKOV PROCESSES
|c Marina Andrade, Ferreira Manuel Alberto M.
|
| 700 |
1 |
|
|a Ferreira, Manuel Alberto M.
|4 aut
|9 1172080
|
| 773 |
0 |
|
|t Aplimat : journal of applied mathematics
|g Roč. 5, č. 3 (2012), s. [217]-223
|
| 850 |
|
|
|a Slovenská národná knižnica
|
| 852 |
|
|
|a Slovenská národná knižnica
|
| 958 |
|
|
|a article3
|
| 958 |
|
|
|a OND
|
| 958 |
|
|
|a EUIPO
|
| 999 |
|
|
|c 3110821
|d 3112751
|